000 00705nam a2200229Ia 4500
008 160517s9999 xx 000 0 und d
050 _aHV 7936.R5
050 _b.C737 2016
100 _aCompendio, Mark A.
245 _aPerformance of the Philippine national police based on the issues from the Philippine star and the Philippine daily inquirer /
245 _cMark A. Compendio.
260 _aLas PiƱas, Philippines :
260 _bSISC,
260 _c2016.
300 _a51 pages :
300 _billustrations ;
300 _c28 cm.
500 _aIncludes bibliographical references and appendices.
521 _aMass Communication
650 _aPhilippines - Police.
942 _cTH
999 _c293899
_d293899